| 000 | 00717cab a2200241 4500 | ||
|---|---|---|---|
| 001 | WB3144-32 | ||
| 008 | 090401t1995 xxu||||| |||| 00| 0 eng d | ||
| 035 | _a(Sirsi) u35286 | ||
| 041 | _aeng | ||
| 245 | _aSolutions on sheltered homes | ||
| 260 | _c1995 | ||
| 350 | _a0 | ||
| 490 |
_aPlanning Week _v3(46) 16 November 1995, 4(1) |
||
| 520 | _aThe Housing Corporation seeks responses to a consultation paper on housing older people, in order to develop new policy guidelines. | ||
| 650 | _aELDERLY PEOPLE | ||
| 650 | _aHOUSING CORPORATION | ||
| 650 | _aHOUSING FOR THE ELDERLY | ||
| 650 | _aPOLICY GUIDELINES | ||
| 650 | _aSHELTERED HOUSING | ||
| 690 | _aHOUSING | ||
| 942 | _n0 | ||
| 948 | _c04/03/1997 | ||
| 999 |
_c23122 _d23122 |
||